Κατάλογος Βιβλιοθηκών Mediterranean College

The Effect of Online Marketing Tools on Consumer Behavior Towards SMEs./The Case of the Greek Tourism Industry. (Record no. 8610)

MARC details
000 -LEADER
fixed length control field 01432cam a22001934a 4500
005 - ΗΜΕΡΟΜΗΝΙΑ ΚΑΙ ΩΡΑ ΤΕΛΕΥΤΑΙΑΣ ΕΝΗΜΕΡΩΣΗΣ
Πεδίο ελέγχου 20250605164341.0
008 - FIXED-LENGTH DATA ELEMENTS--GENERAL INFORMATION
Πεδίο ελέγχου σταθερού μήκους 250528s ||||||||||||||||||||||||d
035 ## - SYSTEM CONTROL NUMBER
System control number 23610
040 ## - ΠΗΓΗ ΚΑΤΑΛΟΓΟΓΡΑΦΗΣΗΣ
Φορέας πρωτότυπης καταλογογράφησης MC Athens Campus Library
Γλώσσα καταλογογράφησης Ελληνικά, Μοντέρνα (1453-)
Modifying agency MC Athens Campus Library
Κανόνες περιγραφικής καταλογογράφησης AACR2
245 1# - ΤΙΤΛΟΣ ΚΑΙ ΔΗΛΩΣΗ ΥΠΕΥΘΥΝΟΤΗΤΑΣ
Τίτλος The Effect of Online Marketing Tools on Consumer Behavior Towards SMEs./The Case of the Greek Tourism Industry.
260 ## - PUBLICATION, DISTRIBUTION, ETC.
Date of publication, distribution, etc. 2016
300 ## - PHYSICAL DESCRIPTION
Extent 89
520 ## - SUMMARY, ETC.
Summary, etc. Introduction, Consumer Behavior, the History of the World Wide Web, the Online Marketing Tools, Affiliate - Email - Video - Mobile - Marketing, Search Engine Optimizational and Search Marketing, Social Media, Traditional Versus Online Marketing Tools, the Most Suitable Online Marketing Tools for the SME's of the Greek Tourism Industry, Research Design/Methodology, Data Collection / the Questionnaires, Ethical Considerations, Findings, Demographic Data, General Consumer Behavior Data, Consumer Behavior Towards a Specific Advertisement, the Effect of Online Marketing Tools on Consumer's Brand Attitude, he Effect of Online Marketing Tools on Consumer's Purchase Intention, the Trust of the Respondents Across Different Marketing Tools, the Intention of Using the Online Word of Mouth, Application, Conclusion and Recommendations, Personal Reflection, Appendix.
700 1# - ΠΡΟΣΘΕΤΗ ΑΝΑΓΡΑΦΗ--ΦΥΣΙΚΟ ΠΡΟΣΩΠΟ
Personal name Athanasopoulos Vasilis
9 (RLIN) 9199
700 1# - ΠΡΟΣΘΕΤΗ ΑΝΑΓΡΑΦΗ--ΦΥΣΙΚΟ ΠΡΟΣΩΠΟ
Personal name Λουκοπούλου Αποστολία
9 (RLIN) 9195
942 ## - ADDED ENTRY ELEMENTS (KOHA)
Koha item type Διπλωματική εργασία
Holdings
Τύπος τεκμηρίου Βιβλιοθήκη Τρέχουσα τοποθεσία Barcode Ημερομηνία απόκτησης Ταξιθετικό σύμβολο Αριθμός αντιτύπου Κατάσταση απόσυρσης Κατάσταση χαμένου Κατάσταση κατεστραμμένου Μη δανεισμός Σύνολο δανεισμών Ημερομηνία τελευταίας εμφάνισης Η τιμή ισχύει από
Διπλωματική εργασία MC Athens Campus Library MC Athens Campus Library 9780000086099 05/06/2025 BUS 2016 (19) 1           05/06/2025 05/06/2025

MC Athens Campus Library
Πατησίων 94 & Κοδριγκτώνος 13, 104 34
Πελλήνης 8 & Πατησίων 107, 112 51
Τ: +30 210 8899600

MC Thessaloniki Campus Library
Ίωνος Δραγούμη 21, 54625 | Ίωνος Δραγούμη 15, 54625
Τ: +30 2310 287779 – Τ: +30 2314 440300